| 000 | 00522nam a22001817a 4500 | ||
|---|---|---|---|
| 005 | 20250108143922.0 | ||
| 008 | 241216b ||||| |||| 00| 0 eng d | ||
| 040 | _cAL | ||
| 041 | _aEnglish | ||
| 082 |
_223 _a348.04 _bCHAA |
||
| 100 |
_aJagjith Singh Chawla _9192683 |
||
| 245 | _aAll India Criminal Law Reporter: Vol 14 1990(1) | ||
| 260 |
_aChandigarh _bAll India Criminal Law Reporter _c1990 |
||
| 300 |
_a1040 p. _bHB _c24X16cm |
||
| 440 |
_aVolume 14 _9191100 |
||
| 650 |
_aCriminal Law _9191101 |
||
| 942 |
_2ddc _cBI |
||
| 999 |
_c232945 _d232945 |
||